00609nam a2200193Ia 450000500170000000800410001702000160005804000190007404100120009308200170010510000190012224500950014126000360023630000310027250400340030365000190033765100490035685000100040520230713083920.0131103s9999 xx 000 0 und d a812040118 2 aLoreto College aEnglish a630.954bDAN aDantwala, M.L. aIndian agricultural development since independenceb a collection of essays cM.L.Dantwala aNew DelhibOxford and IBHc1986 aviii,519 p.b ill., tables aIncludes references and index aAgriculture -  aAgriculture and related tecnology - India -  aLCLIB